Aero Properties Ltd v Citycrest Properties Ltd (Record no. 71291)
[ view plain ]
| 000 -LEADER | |
|---|---|
| fixed length control field | 00996cam a2200181 4500 |
| 001 - CONTROL NUMBER | |
| control field | L119975 |
| 008 - FIXED-LENGTH DATA ELEMENTS--GENERAL INFORMATION | |
| fixed length control field | 021002n2002 000 0 eng u |
| 035 ## - SYSTEM CONTROL NUMBER | |
| System control number | (Sirsi) u119975 |
| 245 ## - TITLE STATEMENT | |
| Title | Aero Properties Ltd v Citycrest Properties Ltd |
| 260 ## - PUBLICATION, DISTRIBUTION, ETC. | |
| Date of publication, distribution, etc. | 2002 |
| 490 ## - SERIES STATEMENT | |
| Series statement | Property, Planning and Compensation Reports |
| Volume/sequential designation | [2002] 2 P&CR 305-312(8) |
| 520 ## - SUMMARY, ETC. | |
| Summary, etc. | ChD 6 February 2002. Sale of properties free from charges on the charges register. National Conditions of Sale, 20 ed applied. Date for completion passed. Vendors served notices to complete. Whether notices valid. Certain charge certificates not in possession of vendors although whereabouts known. Whether vendors ready and will to complete within Natinal Condition 22. Whether purchaser forfeited deposits. (Taken from Journal headnote) |
| 650 ## - SUBJECT ADDED ENTRY--TOPICAL TERM | |
| Topical term or geographic name entry element | AERO PROPERTIES V CITYCREST PROPERTIES LTD |
| 650 ## - SUBJECT ADDED ENTRY--TOPICAL TERM | |
| Topical term or geographic name entry element | CONVEYANCING |
| 650 ## - SUBJECT ADDED ENTRY--TOPICAL TERM | |
| Topical term or geographic name entry element | NATIONAL CONDITIONS OF SALE |
| 690 ## - LOCAL SUBJECT ADDED ENTRY--TOPICAL TERM (OCLC, RLIN) | |
| Topical term or geographic name as entry element | PROPERTY LAW AND PRACTICE-CASE LAW |
| 942 ## - ADDED ENTRY ELEMENTS (KOHA) | |
| Suppress in OPAC | 0 |
| Withdrawn status | Lost status | Source of classification or shelving scheme | Damaged status | Not for loan | Home library | Current library | Shelving location | Date acquired | Total Checkouts | Full call number | Barcode | Date last seen | Copy number | Price effective from | Koha item type |
|---|---|---|---|---|---|---|---|---|---|---|---|---|---|---|---|
| Dewey Decimal Classification | London | London | Journal article | 02/10/2002 | X119975 | 119975-1001 | 06/08/2019 | 1 | 06/08/2019 | Law report |